000 00422nam a2200181Ia 4500
008 210210b1927 xxu||||| |||| 00| 0 eng d
041 _aeng
082 _a821/611
100 _aSHESHADRI (P)
245 _aBook of english poetry
260 _aLondon
_bOxford University Press
_c1927
650 _apoetry
650 _aof
650 _aenglish
650 _aBook
690 _aEnglish Literature
906 _a011779
999 _c130486
_d130486